Francesca pravda musí vyjsť najavo, kým ju tiene minulosti celkom nepohltia.
Inšpektorku Charlie Lagerovú prenasleduje temná minulosť. Keď sa dozvie, že pred tridsiatimi rokmi v jej rodnom mestečku zmizlo ďalšie mladučké dievča Francesca, je odhodlaná vypátrať, čo sa mu stalo. Podozrenie zo zmiznutia Francescy padá aj na jej matku. Do popredia okrem iného pomaly vystupuje sa...
| Main Author: | |
|---|---|
| Other Authors: | |
| Format: | CD Audio |
| Language: | Slovak Swedish |
| PhysicalDescription: | 1 elektronický optický disk (CD-ROM) digitálny, MP3 12 cm |
| Published: |
Levoča
Slovenská knižnica pre nevidiacich Mateja Hrebendu
2021
|
| ISBN: | 9788018094129 |
| Subjects: |
MARC
| LEADER | 00000nim a2200000 a 4500 | ||
|---|---|---|---|
| 001 | vtls012014540 | ||
| 003 | SK-MaSNL | ||
| 005 | 20260302024444.0 | ||
| 007 | sd fungnnmmned | ||
| 008 | 210215s2021 xo nnnnfs f n slo | ||
| 015 | |a SNBJ2023 | ||
| 020 | |a 9788018094129 |q (CD-ROM) | ||
| 040 | |a SNK |b slo |c SNK |e AACR2 | ||
| 041 | 1 | |a slo |h swe | |
| 044 | |a xo |c SK | ||
| 072 | 7 | |a 821.11 |x Germánske literatúry |2 konspekt | |
| 080 | |a 821.113.6-31 |2 2011 | ||
| 080 | |a (0:82-312.4) |2 2011 | ||
| 080 | |a (086.7) |2 2011 | ||
| 100 | 1 | |a Bengtsdotter, Lina, |d 1977- |4 aut |9 179208 | |
| 245 | 1 | 0 | |a Francesca |h elektronický zdroj |b pravda musí vyjsť najavo, kým ju tiene minulosti celkom nepohltia. |c Lina Bengtsdotter ; číta: Dušan Kubaň |
| 260 | |a Levoča |b Slovenská knižnica pre nevidiacich Mateja Hrebendu |c 2021 | ||
| 300 | |a 1 elektronický optický disk (CD-ROM) |b digitálny, MP3 |c 12 cm | ||
| 306 | |a 144100 | ||
| 520 | 8 | |a Inšpektorku Charlie Lagerovú prenasleduje temná minulosť. Keď sa dozvie, že pred tridsiatimi rokmi v jej rodnom mestečku zmizlo ďalšie mladučké dievča Francesca, je odhodlaná vypátrať, čo sa mu stalo. Podozrenie zo zmiznutia Francescy padá aj na jej matku. Do popredia okrem iného pomaly vystupuje samovražda chlapca, ktorý mal kedysi blízko k Francesce... | |
| 521 | |a Pre nevidiacich, slabozrakých a inak zdravotne postihnutých | ||
| 655 | 7 | |a zvukové záznamy |2 SNKPH |9 70720 | |
| 655 | 7 | |a švédske romány |2 SNKPH |9 70708 | |
| 655 | 7 | |a detektívne romány |2 SNKPH |9 70455 | |
| 655 | 7 | |a CD-ROM |2 SNKPH |9 70236 | |
| 700 | 1 | |a Kubaň, Dušan, |d 1971-2022 |4 nrt |9 218885 | |
| 787 | 0 | 8 | |i Podľa knihy: |t Francesca : pravda musí vyjsť najavo, kým ju tiene minulosti celkom nepohltia. |d Bratislava : Grada Slovakia, s.r.o., pod značkou Cosmopolis, 2020 |z 978-80-8090-064-9 |
| 919 | |a 978-80-18-09412-9 | ||
| 958 | |a SX | ||
| 999 | |c 1040513 |d 1042443 | ||
| 952 | |a SNK |b SNK |y PREZ |7 0 |p 17A1482311 |o snkSCD 5897 |i snk2022/6816 |8 0 |0 0 |1 0 |4 0 |d 2022-05-05 |l 0 |r 2026-02-24 14:22:16 |w 2026-02-24 | ||


